LEADER 00784nam0-2200277 --450 001 9910846093203321 005 20240429113428.0 010 $a978-88-6709-487-5 100 $a20240429d2020----kmuy0itay5050 ba 101 0 $aita$cita 102 $aIT 105 $ay 001yy 200 1 $aEducazione e scuola$etra Riforma luterana e Controriforma$fGiovanni Genovesi (a cura di) 210 $aRoma$cAnicia$d2020 215 $a239 p.$d24 cm 225 1 $aNoumeno$v11 610 0 $aEducazione e scuola 676 $a371.071$v21$zita 702 1$aGenovesi,$bGiovanni 801 0$aIT$bUNINA$gREICAT$2UNIMARC 901 $aBK 912 $a9910846093203321 952 $aCOLLEZ. 3362 (11)$b1900/2024$fFSPBC 959 $aFSPBC 996 $aEducazione e scuola$91412104 997 $aUNINA